|
|
|
|
| LEADER |
01216nam a2200277 a 4500 |
| 001 |
3277769 |
| 008 |
091112r19851982mdu b 001 0 eng d |
| 010 |
|
|
|a 82007126
|
| 020 |
|
|
|a 0801829100 (pbk.)
|
| 040 |
|
|
|a DLC
|c DLC
|d DLC
|
| 082 |
0 |
0 |
|a 351.82/33
|2 19
|
| 100 |
1 |
|
|a Casley, D. J.
|
| 245 |
1 |
0 |
|a Monitoring and evaluation of agriculture and rural development projects /
|c Dennis J. Casley and Denis A. Lury.
|
| 260 |
|
|
|a Baltimore, Md. :
|b Published for the World Bank [by the] Johns Hopkins University Press,
|c 1982.[Third printing 1985]
|
| 300 |
|
|
|a viii, 145 p. ;
|c 23 cm.
|
| 504 |
|
|
|a Includes bibliographical references and index.
|
| 541 |
1 |
|
|e 00003189
|
| 650 |
|
0 |
|a Agricultural development projects
|x Management.
|
| 650 |
|
0 |
|a Rural development projects
|x Management.
|
| 650 |
|
0 |
|a Agricultural development projects
|x Evaluation.
|
| 650 |
|
0 |
|a Rural development projects
|x Evaluation.
|
| 700 |
1 |
|
|a Lury, D. A.
|
| 710 |
2 |
|
|a World Bank.
|
| 852 |
4 |
|
|a Ayesha Abed Library
|j General Shelf
|
| 999 |
|
|
|c 8013
|d 8013
|
| 952 |
|
|
|0 0
|1 0
|2 ddc
|4 0
|6 351_823300000000000_CAS_1985
|7 0
|9 9073
|a BRACUL
|b BRACUL
|c GEN
|d 2010-04-07
|g 0.00
|l 3
|m 43
|o 351.8233 CAS
|p 3010003189
|r 2019-09-01
|s 2019-01-29
|t 1
|w 2010-04-07
|y BK
|z Not price in Register
|